[Event "Toronto Candidates Blitz op"]
[Site "Toronto"]
[Date "2024.04.08"]
[Round "7"]
[White "Mamedyarov, Shakhriyar"]
[Black "Bareev, Evgeny"]
[Result "1-0"]
[WhiteElo "2733"]
[BlackElo "2611"]
[PlyCount "65"]
[EventDate "2024.04.08"]
[EventType "swiss (blitz)"]
[EventRounds "9"]
[EventCountry "CAN"]
[SourceTitle "CB16_2024"]
[SourceDate "2024.04.17"]
[SourceVersion "1"]
[SourceVersionDate "2024.04.17"]
[SourceQuality "1"]

1. d4 d5 2. c4 c6 3. Nc3 Nf6 4. e3 e6 5. Nf3 Nbd7 6. Qc2 b6 7. b3 Bb7 8. Bb2 Rc8 9. Bd3 Bd6 10. 0-0 0-0 11. Rad1 Qe7 12. Qb1 Rfd8 13. h3 h6 14. Rfe1 c5 15. cxd5 Nxd5 16. Nxd5 Bxd5 17. e4 Bb7 18. d5 Bb8 19. Qa1 Nf6 20. Bc4 Ne8 21. a4 exd5 22. exd5 Qf8 23. Re4 Rd6 24. Be5 Rd7 25. Bc3 Rcd8 26. Ne5 Bxe5 27. Rxe5 Nd6 28. Re3 Nf5 29. Re5 Nd6 30. Qc1 f6 31. Re6 Kh8 32. Qf4 Nf7 33. Rxf6 1-0

[Event "Bundesliga 2324"]
[Site "Germany"]
[Date "2024.02.24"]
[Round "10.4"]
[White "Vachier Lagrave, Maxime"]
[Black "Mamedyarov, Shakhriyar"]
[Result "1/2-1/2"]
[WhiteElo "2727"]
[BlackElo "2734"]
[PlyCount "73"]
[EventDate "2023.10.21"]
[EventType "team-tourn"]
[EventRounds "15"]
[EventCountry "GER"]
[SourceTitle "CB09_2024"]
[SourceDate "2024.02.28"]
[SourceVersion "1"]
[SourceVersionDate "2024.02.28"]
[SourceQuality "1"]
[WhiteTeam "Baden-Baden"]
[BlackTeam "Viernheim"]
[WhiteTeamCountry "GER"]
[BlackTeamCountry "GER"]

1. e4 e5 2. Nf3 Nc6 3. Bb5 a6 4. Ba4 Nf6 5. 0-0 Nxe4 6. d4 b5 7. Bb3 d5 8. dxe5 Be6 9. c3 Be7 10. Nbd2 Nc5 11. Bc2 d4 12. Nb3 d3 13. Bb1 Nxb3 14. axb3 Bf5 15. b4 0-0 16. h3 Qd7 17. Re1 Rfd8 18. g4 Bg6 19. Ba2 Qc8 20. Bg5 a5 21. bxa5 Bxg5 22. Nxg5 Nxa5 23. Nxf7 Bxf7 24. Bxf7+ Kxf7 25. e6+ Kg8 26. e7 Re8 27. Qxd3 Nb7 28. Rxa8 Qxa8 29. Qd5+ Kh8 30. Qd7 Qb8 31. Re5 Nd6 32. Rc5 h6 33. Rxc7 Ne4 34. Rb7 Qa8 35. Ra7 Qb8 36. Rb7 Qa8 37. Ra7 1/2-1/2

[Event "Titled Tuesday intern op 13th Feb Early"]
[Site "Chess.com INT"]
[Date "2024.02.13"]
[Round "6"]
[White "Mamedyarov, Shakhriyar"]
[Black "Raja, Rithvik R"]
[Result "0-1"]
[WhiteElo "2722"]
[BlackElo "2532"]
[PlyCount "104"]
[EventDate "2024.02.13"]
[EventType "swiss (blitz)"]
[EventRounds "11"]
[EventCountry "USA"]
[SourceTitle "CB08_2024"]
[SourceDate "2024.02.21"]
[SourceVersion "1"]
[SourceVersionDate "2024.02.21"]
[SourceQuality "1"]

1. d4 Nf6 2. Bg5 e6 3. e4 h6 4. Bxf6 Qxf6 5. Nc3 Bb4 6. Qd3 c5 7. e5 Qg6 8. Qxg6 fxg6 9. dxc5 Nc6 10. Nf3 g5 11. h3 Bxc5 12. Ne4 Be7 13. 0-0-0 Rf8 14. Bb5 Rxf3 15. gxf3 Nxe5 16. Rhe1 Nxf3 17. Re3 Nh4 18. Red3 Nf5 19. Bxd7+ Kf7 20. Rc3 Bxd7 21. Rxd7 b6 22. Ng3 Kf6 23. Nxf5 exf5 24. Rc6+ Kf7 25. Rcc7 Re8 26. Rxa7 Kf6 27. c3 Bc5 28. Rf7+ Ke5 29. Rxg7 Bxf2 30. Rge7+ Rxe7 31. Rxe7+ Kf6 32. Re8 f4 33. Kd2 h5 34. Ke2 Bc5 35. b4 Bd6 36. Kf3 Kf5 37. Rg8 b5 38. a3 Be7 39. Rh8 g4+ 40. Kf2 Bh4+ 41. Kf1 Kg5 42. Rg8+ Kf5 43. Rh8 Kg5 44. Rb8 f3 45. Rxb5+ Kg6 46. Rb6+ Kg5 47. hxg4 hxg4 48. Rb8 g3 49. Rg8+ Kf4 50. a4 Bg5 51. a5 g2+ 52. Kg1 Kf5 0-1

[Event "Wch Blitz"]
[Site "Samarkand"]
[Date "2023.12.30"]
[Round "14"]
[White "Mamedyarov, Shakhriyar"]
[Black "Svidler, Peter"]
[Result "0-1"]
[WhiteElo "2723"]
[BlackElo "2689"]
[PlyCount "86"]
[EventDate "2023.12.29"]
[EventType "swiss (blitz)"]
[EventRounds "21"]
[EventCountry "UZB"]
[SourceTitle "CB01_2024"]
[SourceDate "2024.01.03"]
[SourceVersion "1"]
[SourceVersionDate "2024.01.03"]
[SourceQuality "1"]

1. d4 Nf6 2. c4 g6 3. g3 c6 4. Bg2 d5 5. Qa4 dxc4 6. Qxc4 Bg7 7. Nf3 0-0 8. 0-0 Bf5 9. Nc3 Nbd7 10. Re1 Ne4 11. Bf4 Qa5 12. Qb3 Nb6 13. Ne5 Nxc3 14. bxc3 Be6 15. Qc2 Rac8 16. Rab1 c5 17. Bxb7 cxd4 18. Nc6 Rxc6 19. Bxc6 dxc3 20. a4 Nc4 21. Rb3 Qc5 22. Bf3 Na3 23. Qa2 Bxb3 24. Qxb3 Nc4 25. Rc1 Rd8 26. h4 h5 27. Kg2 Nd2 28. Bxd2 Rxd2 29. Rc2 Rd8 30. Qb5 Qxb5 31. axb5 e6 32. Be4 Rd4 33. Bd3 Ra4 34. Kf3 Kf8 35. e3 Ke7 36. Kg2 Kd6 37. Rc1 Kc5 38. Kf3 Ra2 39. Kg2 Rd2 40. Be4 f5 41. Bc2 Kxb5 42. Bb3 Kb4 43. Rb1 Rb2 0-1

[Event "Wch Blitz"]
[Site "Samarkand"]
[Date "2023.12.29"]
[Round "3"]
[White "Murzin, Volodar"]
[Black "Mamedyarov, Shakhriyar"]
[Result "1-0"]
[WhiteElo "2627"]
[BlackElo "2723"]
[PlyCount "67"]
[EventDate "2023.12.29"]
[EventType "swiss (blitz)"]
[EventRounds "21"]
[EventCountry "UZB"]
[SourceTitle "CB01_2024"]
[SourceDate "2024.01.03"]
[SourceVersion "1"]
[SourceVersionDate "2024.01.03"]
[SourceQuality "1"]

1. d4 Nf6 2. Nf3 g6 3. Bf4 c5 4. e3 Qb6 5. Nc3 d6 6. Bb5+ Bd7 7. a4 a6 8. a5 Qc7 9. Bxd7+ Nbxd7 10. d5 Bg7 11. 0-0 0-0 12. Nd2 b5 13. axb6 Nxb6 14. e4 Nfd7 15. Qe2 c4 16. Ra2 Rfc8 17. Be3 Qb7 18. Rfa1 e6 19. Ra5 exd5 20. exd5 Re8 21. Nde4 Qc7 22. Rxa6 Rxa6 23. Rxa6 f5 24. Bxb6 Qb7 25. Ra7 Qxb6 26. Rxd7 fxe4 27. Nxe4 Kh8 28. Qxc4 Qxb2 29. g3 Qe5 30. Nxd6 Qe1+ 31. Qf1 Qxf1+ 32. Kxf1 Ra8 33. Rd8+ Rxd8 34. Nf7+ 1-0

[Event "Wch Blitz"]
[Site "Samarkand"]
[Date "2023.12.29"]
[Round "1"]
[White "Sandipan, Chanda"]
[Black "Mamedyarov, Shakhriyar"]
[Result "0-1"]
[WhiteElo "2486"]
[BlackElo "2723"]
[PlyCount "59"]
[EventDate "2023.12.29"]
[EventType "swiss (blitz)"]
[EventRounds "21"]
[EventCountry "UZB"]
[SourceTitle "CB01_2024"]
[SourceDate "2024.01.03"]
[SourceVersion "1"]
[SourceVersionDate "2024.01.03"]
[SourceQuality "1"]

1. d4 Nf6 2. c4 g6 3. h4 Bg7 4. Nc3 d5 5. h5 Nxh5 6. cxd5 e6 7. dxe6 Bxe6 8. Nf3 Nf6 9. e4 0-0 10. Be2 c5 11. d5 Bg4 12. Bh6 Bxh6 13. Rxh6 Re8 14. Qd2 Nxe4 15. Nxe4 Rxe4 16. 0-0-0 Bxf3 17. Bxf3 Rd4 18. Qe3 Rxd1+ 19. Kxd1 Nd7 20. d6 Qf6 21. Kc1 Qxd6 22. Bxb7 Rb8 23. Bf3 Ne5 24. Be2 Qd5 25. Rh3 h5 26. Bxh5 Qc4+ 27. Kb1 Qf1+ 28. Kc2 Nc4 29. Qg5 Qxf2+ 30. Kd3 0-1

[Event "Gashimov Memorial Blitz 9th"]
[Site "Baku"]
[Date "2023.12.11"]
[Round "3"]
[White "Mamedyarov, Shakhriyar"]
[Black "Erigaisi, Arjun Kumar"]
[Result "0-1"]
[WhiteElo "2723"]
[BlackElo "2727"]
[PlyCount "56"]
[EventDate "2023.12.11"]
[EventType "tourn (blitz)"]
[EventRounds "18"]
[EventCountry "AZE"]
[EventCategory "18"]
[SourceTitle "CB50_2023"]
[SourceDate "2023.12.13"]
[SourceVersion "1"]
[SourceVersionDate "2023.12.13"]
[SourceQuality "1"]

1. Nf3 c5 2. c4 Nc6 3. Nc3 Nf6 4. e3 e5 5. d4 e4 6. Ne5 cxd4 7. exd4 Bb4 8. Be2 0-0 9. 0-0 Re8 10. Bf4 d6 11. Nxc6 bxc6 12. Re1 Bf5 13. Bg5 h6 14. Bh4 Rb8 15. Bf1 g5 16. Bg3 h5 17. c5 dxc5 18. Bxb8 Qxb8 19. dxc5 Bxc5 20. Be2 e3 21. fxe3 Qxb2 22. Na4 Bxe3+ 23. Kh1 Ne4 24. Rf1 Qe5 25. Bxh5 Nf2+ 26. Rxf2 Bxf2 27. Rc1 Qf4 28. Nc5 Re1+ 0-1